Statistics for Toughest Animals in the Americas

Click here to take the quiz!

General Stats

  • This quiz has been taken 28 times
    (22 since last reset)
  • The average score is 13 of 25

Answer Stats

HintAnswer% Correct
1Grizzly Bear
94%
7Black Bear
89%
3Mountain Lion
89%
5Grey Wolf
83%
12Moose
83%
6Bison
72%
19Elk
72%
25White-Tailed Deer
72%
13Alligator
61%
8Bald Eagle
61%
17American Badger
56%
15Coyote
56%
14Golden Eagle
56%
10Norway Rat
50%
2Wolverine
50%
21Coral Snake
44%
18Western Diamondback Rattlesnake
44%
23Red-Tailed Hawk
39%
22Musk Ox
33%
11Great Horned Owl
28%
9Wild Boar
28%
16Bobcat
22%
24Burmese Python
17%
20Least Weasel
17%
4American Crocodile
11%

Score Distribution

Percentile by Number Answered

Percent of People with Each Score

Your Score History

You have not taken this quiz since the last reset